| 000 -LEADER | |
|---|---|
| fixed length control field | 00441nam a22001577a 4500 |
| 005 - DATE AND TIME OF LATEST TRANSACTION | |
| control field | 20240108155633.0 |
| 008 - FIXED-LENGTH DATA ELEMENTS--GENERAL INFORMATION | |
| fixed length control field | 190427b xxu||||| |||| 00| 0 eng d |
| 020 ## - INTERNATIONAL STANDARD BOOK NUMBER | |
| ISBN | 978-81-85790-04-6 |
| 041 ## - LANGUAGE CODE | |
| Language code of text/sound track or separate title | eng |
| 100 ## - MAIN ENTRY--AUTHOR NAME | |
| Personal name | KADAM, DR. S. S. ,MAHADIK,DR. K.R.,AND BOTHARA,DR. K.G |
| 245 ## - TITLE STATEMENT | |
| Title | PRINCIPLES OF MEDICINAL CHEMISTRY ( VOL- I) |
| 250 ## - EDITION STATEMENT | |
| Edition statement | 22nd, Ed. 2015 |
| 260 ## - PUBLICATION, DISTRIBUTION, ETC. (IMPRINT) | |
| Place of publication | PUNE |
| Name of publisher | NIRALI PRAKASHAN |
| 300 ## - PHYSICAL DESCRIPTION | |
| Number of Pages | 1.12 p, |
| 942 ## - ADDED ENTRY ELEMENTS (KOHA) | |
| Koha item type | Books |
| Lost status | Damaged status | Collection code | Home library | Current library | Shelving location | Date acquired | Source of acquisition | Cost, normal purchase price | Accession Number | Koha item type |
|---|---|---|---|---|---|---|---|---|---|---|
| PHARMACY | JRU Library | JRU Library | SHELF-18-D | 27/04/2019 | PURCHESS | 400.00 | 22670 | Books | ||
| PHARMACY | JRU Library | JRU Library | SHELF-18-D | 27/04/2019 | PURCHESS | 400.00 | 22671 | Books | ||
| Reference | JRU Library | JRU Library | SHELF-4-B | 27/04/2019 | PURCHESS | 400.00 | 22672 | Books |